000 00297nam a2200133Ia 4500
008 200103s9999||||xx |||||||||||||| ||und||
040 _aIMU-MPC
082 _aColumn-65
100 _aPuri, Narottam
245 0 _a1000 Cricket Quiz
260 _bRupa Company
_c1991
300 _a145
942 _cBK
999 _c11501
_d11501